000 nam a22 7a 4500
999 _c9231
_d9231
008 180124b ||||| |||| 00| 0 eng d
100 _aNCERT
_95489
245 _aSocial and Political Life - II- VII
260 _aNew Delhi
_bNCERT
_c2007